000
00292nam a22001337a 4500
999
_c
160157
_d
160157
020
_a
082
_a
_b
100
_a
Shakuntala Panchal
245
_a
Hindi anuvad evam bhashik sanrachana/
_c
by Shakuntala Panchal.
260
_a
_b
_c
2005.
300
_a
650
_a
942
_c
BK